Statystyki dla Trasa 10 w Białymstoku

Kliknij tutaj aby rozwiązać quiz!

Ogólne statystyki

  • Ten quiz został rozwiązany 5 razy
  • Średni wynik to 10 z 15

Statystyki odpowiedzi

LiniaOdpowiedź% Poprawnych
2,4,5,10Lipowa
100%
8,1011 listopada
67%
2,4,10,14,18,24Dworzec PKP
67%
7,10,20Kalinowskiego
67%
3,10,104Kawaleryjska
67%
3,10,22,104Kleosin
67%
7,8,10,26Plac NZS
67%
7,8,10,26Skłodowskiej
67%
3,8,10,16,17,23,26,104Wiejska
67%
3,8,10,16,17,23,26,104Wiejska
67%
3,10,16,23,26,104Wiejska
67%
8,10,28,29Zwierzyniecka
67%
8,10,28,29Zwierzyniecka
67%
1,2,4,10,18,29Zwycięstwa
67%
1,2,4,10,18,29Hetmańska
33%

Rozkład punktacji

Percentyl według liczby udzielonych odpowiedzi

Procent ludzi z każdym wynikiem

Twoja historia wyników

Nie rozwiązałeś tego quizu